A Lei de Locações e os Direitos do Locatário (Registro nro. 164531)
[ vista simple ]
| 000 -LEADER | |
|---|---|
| fixed length control field | 01079nam a22002537a 4500 |
| 007 - PHYSICAL DESCRIPTION FIXED FIELD--GENERAL INFORMATION | |
| fixed length control field | cr|||| ||u| |
| 008 - FIXED-LENGTH DATA ELEMENTS--GENERAL INFORMATION | |
| fixed length control field | 161004s2009 Bl |||||o|||| 001 0 Por d |
| 020 ## - INTERNATIONAL STANDARD BOOK NUMBER | |
| International Standard Book Number | 978-85-89919-66-1 |
| 035 ## - | |
| -- | 14382 |
| 040 ## - CATALOGING SOURCE | |
| Original cataloging agency | vLex |
| 090 ## - | |
| -- | 6273 |
| -- | 6273 |
| 100 1# - MAIN ENTRY--PERSONAL NAME | |
| Personal name | Fernandes da Silva, André |
| 245 1# - TITLE STATEMENT | |
| Title | A Lei de Locações e os Direitos do Locatário |
| Medium | [Recurso electrónico] / |
| Statement of responsibility, etc | André Fernandes da Silva. |
| 256 ## - | |
| -- | Servicio en línea |
| 260 ## - PUBLICATION, DISTRIBUTION, ETC. (IMPRINT) | |
| Place of publication, distribution, etc | São Paulo: |
| Name of publisher, distributor, etc | Pillares, |
| Date of publication, distribution, etc | 2009. |
| 300 ## - PHYSICAL DESCRIPTION | |
| Extent | 1 Recurso electrónico |
| 506 1# - RESTRICTIONS ON ACCESS NOTE | |
| Terms governing access | Disponible solo en los productos indicados |
| Authorized users | vLex Global |
| -- | vLex Global (Academic Edition, excluding Law Schools) |
| -- | vLex Global (U.S. Academic Edition, Law Schools) |
| -- | vLex Global (U.S. Academic Edition, excluding Law Schools) |
| -- | vLex Global (Academic Edition, Law Schools) |
| 650 04 - SUBJECT ADDED ENTRY--TOPICAL TERM | |
| Topical term or geographic name as entry element | Desigualdad social |
| Geographic subdivision | Brasil |
| 650 04 - SUBJECT ADDED ENTRY--TOPICAL TERM | |
| Topical term or geographic name as entry element | Derecho fiscal |
| Geographic subdivision | Brasil |
| 740 0# - | |
| -- | vLex libros (servicio en linea) |
| 856 40 - LOCALIZACIÓN Y ACCESO ELECTRÓNICO | |
| Identificador Uniforme del Recurso (URI/URL) | https://app.vlex.com/#/sources/lei-de-loca-es-e-os-direitos-do-locatario-14382 |
| 942 ## - | |
| -- | RAA |
| 999 ## - | |
| -- | 164531 |
| -- | 164531 |
No hay ítems disponibles.